Quantitative methods
| Main Author: | |
|---|---|
| Format: | Book |
| Published: |
Oxford :
Butterworth - Heinemann Ltd. ,
1998
|
| Subjects: |
MARC
| LEADER | 00000cam a2200000 7i4500 | ||
|---|---|---|---|
| 001 | 0000006342 | ||
| 005 | 20090107.0 | ||
| 020 | |a 0750606037 | ||
| 040 | |a INS | ||
| 090 | 0 | 0 | |a HD20.3 |b G 1998 |
| 100 | 1 | |a Pardoe, Kevin | |
| 245 | 1 | 0 | |a Quantitative methods |c Kevin Pardoe |
| 260 | |a Oxford : |b Butterworth - Heinemann Ltd. , |c 1998 | ||
| 300 | |a 311p. ; |c 23 cm. | ||
| 650 | 0 | 0 | |a Mathematical statistics |
| 999 | |a 0000005340 |b BOOK |c Open Shelf |e Default branch | ||